000 01230nam a22002057a 4500
008 240126e20240411xxk|||||o|||| 00| 0 eng d
041 _aeng
110 _aRoyal Institution of Chartered Surveyors
245 _aUK Residential Market Survey
_bMarch 2024
_h[Electronic resource]
260 _aLondon,
_bRoyal Institution of Chartered Surveyors,
_cApril 2024
300 _a19p
490 _aRICS UK Residential Market Survey
520 _aThe March 2024 RICS UK Residential Survey results remain indicative of a steady improvement in overall sales market conditions. Indeed, buyer demand continues to edge higher, while near-term expectations point to activity gaining further traction over the coming months. Alongside this, house prices have stabilised at the headline level, with forward-looking metrics suggesting that an upward trend may emerge later in the year.
650 _aHOUSING MARKET
650 _aRESIDENTIAL PROPERTY
651 _aUnited Kingdom
710 _aRoyal Institution of Chartered Surveyors
856 _uhttps://www.rics.org/content/dam/ricsglobal/documents/market-surveys/uk-residential-market-survey/March_2024_RICS_UK_Residential_Market_Survey.pdf
_zAvailable free on RICS.org
942 _n0
999 _c121900
_d121900